Geographie - Des capitales européennes si américaines - Statistiques

Statistiques générales
  • Ce quiz a été pris 53 fois
  • Le résultat moyen est 10 sur 15
Statistiques - réponses
Hint Extra Hint Réponse % Correct
Vienna État dont le nom peut être traduit en français par "Pays de Marie". Maryland
91%
Lisbon État de quatre lettres. Ohio
91%
Stockholm État dans lequel se trouve Times Square et Wall Street. New York
87%
London État qui commence et se termine par un O. Ohio
85%
Belgrade État qui est aussi le nom d'une chanteuse au prénom d'Hannah. Montana
83%
Amsterdam Homonyme d'une ville aussi surnommée "Big Apple". New York
81%
Athens Homonyme d'un état du Caucase. Georgie
74%
Warsaw État de l'équipe de basket des Pacers et d'un célèbre circuit automobile. Indiana
70%
Madrid État bordé à l'ouest par l'Arizona, au nord par le Colorado, à l'est par le Texas. Nouveau-Mexique
70%
Paris État du pétrole où tout est "plus grand". Texas
68%
Rome État qui a reçu les Jeux Olympiques d'Atlanta en 1996. Georgie
66%
Riga Homonyme d'une ville aussi surnommée "La ville qui ne dort jamais". New York
60%
Dublin État chanté par Julien Clerc. Californie
53%
Berlin Surnommé "État du granite", cet état à Concord pour capitale. New Hampshire
43%
Prague État dont la devise est "Le travail conquiert tout". Oklahoma
23%
Aucun quiz correspondant
Distribution des résultats
% des personnes avec chaque résultat
Percentile par nombre de réponses
Votre historique - résultats
Vous n’avez pas pris ce quiz